Введение в экспериментальную физику: учебное пособие

التفاصيل البيبلوغرافية
المؤلف الرئيسي: Старовиков М. И. Михаил Иванович
الملخص:В пособии излагается содержание курса экспериментальной физики, который входит в состав курса общей физики для студентов физических специальностей университетов, а также педагогических и технических вузов. Эксперимент рассматривается как общенаучный метод; как метод экспериментально-теоретического уровня методологии науки; как родовой метод, включающий широкий спектр познавательных методов (натурный, модельный и мысленный эксперимент). Значительное внимание уделяется компьютерным технологиям обработки данных натурного эксперимента и моделирования, которые выступают обязательными компонентами содержания и процесса обучения. Приводятся типовые примеры выполнения экспериментов различных видов с использованием простого оборудования. Пособие предназначено для студентов высших учебных заведений, обучающихся по физическим и техническим специальностям, а также может быть полезно преподавателям вузов и учителям физики общеобразовательных школ.
اللغة:الروسية
منشور في: Санкт-Петербург, Лань, 2016
سلاسل:Учебники для вузов. Специальная литература
الموضوعات:
التنسيق: كتاب
KOHA link:https://koha.lib.tpu.ru/cgi-bin/koha/opac-detail.pl?biblionumber=314068

MARC

LEADER 00000nam0a2200000 4500
001 314068
005 20231102002636.0
010 |a 9785811408627 
035 |a (RuTPU)RU\TPU\book\339479 
035 |a RU\TPU\book\169038 
090 |a 314068 
100 |a 20090224d2016 m y0rusy5002 ca 
101 0 |a rus 
102 |a RU 
105 |a a j 001zy 
200 1 |a Введение в экспериментальную физику  |e учебное пособие  |f М. И. Старовиков 
210 |a Санкт-Петербург  |c Лань  |d 2016 
215 |a 236 с.  |c ил. 
225 1 |a Учебники для вузов. Специальная литература 
320 |a Библиогр.: с. 232. 
330 |a В пособии излагается содержание курса экспериментальной физики, который входит в состав курса общей физики для студентов физических специальностей университетов, а также педагогических и технических вузов. Эксперимент рассматривается как общенаучный метод; как метод экспериментально-теоретического уровня методологии науки; как родовой метод, включающий широкий спектр познавательных методов (натурный, модельный и мысленный эксперимент). Значительное внимание уделяется компьютерным технологиям обработки данных натурного эксперимента и моделирования, которые выступают обязательными компонентами содержания и процесса обучения. Приводятся типовые примеры выполнения экспериментов различных видов с использованием простого оборудования. Пособие предназначено для студентов высших учебных заведений, обучающихся по физическим и техническим специальностям, а также может быть полезно преподавателям вузов и учителям физики общеобразовательных школ. 
606 1 |a Экспериментальная физика  |2 stltpush  |3 (RuTPU)RU\TPU\subj\26784  |9 50635 
610 1 |a научные эксперименты 
610 1 |a экспериментальные методы 
610 1 |a модельные эксперименты 
610 1 |a натурные эксперименты 
610 1 |a компьютерные эксперименты 
610 1 |a табличные процессоры 
610 1 |a Microsoft Excel 
610 1 |a учебные пособия 
675 |a 53.05(075.8)  |v 3 
700 1 |a Старовиков  |b М. И.  |g Михаил Иванович 
801 1 |a RU  |b 63413507  |c 20160208 
801 2 |a RU  |b 63413507  |c 20160407  |g RCR 
900 |a Общая физика 
942 |c BK 
959 |a 17/20160208  |d 3  |e 480,04  |f ЧЗТЛ:1  |f УФ:2